01607nam a2200277 a 4500001001000000005001700010008004100027041000800068044000700076084002200083100004600105245012100151260001900272300002600291500002600317500046000343500004300803500002800846500011100874506009200985546005201077600004601129651008101175700004201256700003101298BRCA_492220190320204847.0201010s1822----mx-#######---#000-0#spa-# aspa amx aDOC17b.L67c18221 aLópez de Santa Anna, Antoniod1794-187610aDocumento autógrafa de Don Antonio López de Santa AnnacAntonio López de Santa Anna, José Manuel de Herrera. aMéxicoc1822 a[2] fojasc29 x 20 cm aCarta firmada en 1822 aCarta autógrafa de Don Antonio López de Santa Anna dirigida a Don José Manuel de Herrera, en ella le dá cuenta de la forma como a través del Teniente Mariano Rivera, ha entablado relaciones con el General español Don José Dávila pudiendo en esta forma conocer los planes del ejército español. Adjunto le envía la carta que le digiriera al General Dávila a través del Teniente Rivera para su conocimiento y le pide se la devuelva. aEl documento tiene la leyenda DOC. #26 aPapel con marca de agua aEstado de conservación: Contiene lagunas en los márgenes, anotaciones con tinta roja y acidificación0 aFondo reservado: para su consulta es necesario credencial de usuario y carta de motivos aTexto en: español de principios del siglo XIX14aLópez de Santa Anna, Antoniod1794-1876 4aMéxicovManuscritoxHistoriayPrimeros gobiernos independientes, 1821-18241 aHerrera, JosécCancillerd1776-18311 aRivera, ManrianocTeniente